000 004200000a22001330004500
090 _aAS
_bSeriadas
245 1 0 _aTipos de Drunelliaceae, Cunoniaceae y Rosaceae en el Herbario Nacional Colombiano
041 0 _aEspañol
700 1 _aPiñeros, Zulma
_999561
700 1 _aBarbosa, César
_995188
100 1 _aForero, Enrique
_992822
942 _cARTICULO
773 1 _tMutisia: Acta Botánica Colombiana
_3893
_h44
_q1-7
_d1977
999 _c15267
_d15267